Quais sao os paises mais procurados por imigrantes - Statistics

Estatísticas Gerais
  • Esse quiz foi jogado 97 vezes
  • A pontuação média é 6 de 7
Estatísticas das Respostas
Hint Resposta % Correto
158 milhões Estados Unidos
100%
36 milhões França
98%
34 milhões Reino Unido
93%
42 milhões Alemanha
91%
47 milhões Canadá
91%
36 milhões Austrália
72%
24 milhões Arábia Saudita
27%
Nenhum quiz correspondente encontrado
Distribuição das Pontuações
Porcentagem de Pessoas com Cada Pontuação
Percentil de Números Respondidos
Sua Pontuação Histórica
Você não jogou esse quiz